000 01520nam0a2200325 4500
001 RU\NLR\bibl\1269579
005 20260405170307.0
010 _a978-5-89786-060-9
_9300
021 _aRU
_b2008-53556
_92965
035 _a(NLR Aleph) 001255467
090 _a345828
_c345828
100 _a20080904d2008 |||y0rusy50 ca
101 0 _arus
102 _aRU
105 _aa |||||||||
200 1 _aФитотерапия заболеваний органов дыхания
_eмонография
_fА.М. Мартынов, Б.А. Черняк
_gГОУ ДПО "Иркут. гос. ин-т усовершенствования врачей Федер. агентства по здравоохранению и соц. развитию"
210 _aИркутск
_cРИО ГИУВа
_d2008
215 _a135 с., [4] л. цв. ил.
_d21
320 _aБиблиогр.: с. 130-131 (25 назв.)
606 1 _aДыхательная система
_xБолезни
_xФитотерапия
_91800037
_3RU\NLR\auth\66810879
686 _aР412-525
700 1 _4070
_8rus
_7ca
_aМартынов
_bА. М.
_cфитотерапевт
_3RU\NLR\AUTH\7772089
_955017
701 1 _4070
_8rus
_7ca
_aЧерняк
_bБ. А.
_cд-р мед. наук, аллерголог
_f1948-
_gБорис Анатольевич
_3RU\NLR\AUTH\7772059
_954987
801 0 _aRU
_bNLR
_c20080904
_gRCR
801 1 _aRU
_bNLR
_c20080904
830 _a2-й авт. раскрыт по э/к
942 _cBOOK
980 _aNB